[Event "24. Aberto Xadrez Albariño"]
[Site "Cambados ESP"]
[Date "2008.08.05"]
[Round "5.15"]
[White "Galard Agustin, Tomas E"]
[Black "De Dios Alija, Rafael"]
[Result "0-1"]
[WhiteElo "1905"]
[BlackElo "2023"]
[PlyCount "90"]
[EventDate "2008.08.01"]
[EventType "swiss"]
[EventRounds "9"]
[EventCountry "ESP"]
[Source "lmi"]
[SourceDate "2008.08.01"]

1. Nf3 d5 2. g3 Nf6 3. Bg2 Bf5 4. d3 e6 5. O-O Bd6 6. Re1 O-O 7. Nbd2 e5 8. e4
dxe4 9. Nxe4 Nxe4 10. dxe4 Bg4 11. h3 Be6 12. Qe2 Nc6 13. c3 Qe7 14. Qb5 Bc8
15. Bg5 f6 16. Be3 a6 17. Qe2 Be6 18. b4 Qf7 19. Rec1 Bc4 20. Qc2 a5 21. a3
Rfd8 22. Nd2 Ba6 23. Rab1 b5 24. Nb3 Bc8 25. Nc5 axb4 26. axb4 Ra2 27. Rb2 Ra3
28. Kh2 Ne7 29. Bf1 f5 30. Rb3 Ra8 31. Rd1 f4 32. Bc1 Rf8 33. gxf4 exf4 34. f3
Qh5 35. Qd3 Bxc5 36. bxc5 Qxc5 37. Qd4 Qg5 38. Qf2 c6 39. Ba3 Be6 40. Bxe7 Qxe7
41. Rb2 Ra3 42. Qd4 Qh4 43. Rg2 g6 44. Rg1 Ra2+ 45. Rd2 Rd8 0-1

[Event "24. Aberto Xadrez Albariño"]
[Site "Cambados ESP"]
[Date "2008.08.05"]
[Round "5.16"]
[White "Rodriguez Gonzalez, Alex"]
[Black "Outeiro Padin, Heladio"]
[Result "1-0"]
[WhiteElo "2022"]
[BlackElo "1916"]
[PlyCount "21"]
[EventDate "2008.08.01"]
[EventType "swiss"]
[EventRounds "9"]
[EventCountry "ESP"]
[Source "lmi"]
[SourceDate "2008.08.01"]

1. e4 e6 2. Nc3 d5 3. d4 Bb4 4. Nge2 dxe4 5. a3 Be7 6. Nxe4 b6 7. N2g3 Bb7 8.
Be3 Nd7 9. Qf3 Rb8 10. Nh5 g6 11. Ng7+ 1-0

[Event "24. Aberto Xadrez Albariño"]
[Site "Cambados ESP"]
[Date "2008.08.05"]
[Round "5.17"]
[White "Mougan Gonzalez, Santiago"]
[Black "Gonzalez Trigal, Jose Luis"]
[Result "1/2-1/2"]
[WhiteElo "1730"]
[BlackElo "1992"]
[PlyCount "67"]
[EventDate "2008.08.01"]
[EventType "swiss"]
[EventRounds "9"]
[EventCountry "ESP"]
[Source "lmi"]
[SourceDate "2008.08.01"]

1. e4 e5 2. Nf3 Nc6 3. Bb5 a6 4. Ba4 Nf6 5. O-O Be7 6. Re1 b5 7. Bb3 d6 8. c3
O-O 9. h3 Bb7 10. d3 Re8 11. Ng5 Rf8 12. Nf3 h6 13. Nbd2 Re8 14. a4 Bf8 15. Nf1
Nb8 16. Ng3 Nbd7 17. Bc2 d5 18. d4 exd4 19. Nxd4 c5 20. Ndf5 dxe4 21. axb5 axb5
22. Rxa8 Bxa8 23. Bf4 Re6 24. Bd6 Qb6 25. Bxf8 Nxf8 26. b4 c4 27. Nd4 Re8 28.
Qb1 Qb7 29. Ngf5 Re5 30. Nd6 Qd7 31. Nxe4 Nxe4 32. Bxe4 Qe8 33. f3 Ng6 34. Kf1
1/2-1/2

[Event "24. Aberto Xadrez Albariño"]
[Site "Cambados ESP"]
[Date "2008.08.05"]
[Round "5.18"]
[White "Lago Fernandez, Fernando"]
[Black "Prado Garcia, Alejandro"]
[Result "1/2-1/2"]
[WhiteElo "1965"]
[BlackElo "1885"]
[PlyCount "108"]
[EventDate "2008.08.01"]
[EventType "swiss"]
[EventRounds "9"]
[EventCountry "ESP"]
[Source "lmi"]
[SourceDate "2008.08.01"]

1. e4 e5 2. Nf3 d6 3. d4 Bg4 4. dxe5 Bxf3 5. Qxf3 dxe5 6. Bc4 Nf6 7. Qb3 Bc5 8.
Bxf7+ Kf8 9. Nc3 Ng4 10. Qe6 Nc6 11. Qxg4 Kxf7 12. Nd5 Rf8 13. Bg5 Qc8 14. Qxc8
Raxc8 15. f3 Nd4 16. O-O-O c6 17. Nc3 b5 18. Rhe1 Bb4 19. a3 Ba5 20. b4 Bb6 21.
Ne2 c5 22. Nxd4 cxd4 23. Rd3 Rc6 24. Re2 Rfc8 25. Kb2 a5 26. f4 h6 27. Bh4 exf4
28. Bf2 axb4 29. axb4 Rc4 30. Kb3 Ra8 31. Be1 Ke6 32. c3 Rd8 33. cxd4 Rdxd4 34.
Rxd4 Bxd4 35. Ra2 Bg1 36. Bc3 g6 37. Ra6+ Kf7 38. Rf6+ Ke7 39. e5 Bxh2 40. Rxg6
Re4 41. Rxh6 Bg3 42. Rb6 Re2 43. Rxb5 Rxg2 44. Rb6 f3 45. Rf6 Rf2 46. b5 Rf1
47. Bd4 f2 48. Ka2 Rd1 49. Bc5+ Ke8 50. Bxf2 Rd2+ 51. Kb3 Bxf2 52. Kc4 Bg3 53.
Kc5 Ke7 54. Rf3 Bxe5 1/2-1/2

[Event "24. Aberto Xadrez Albariño"]
[Site "Cambados ESP"]
[Date "2008.08.05"]
[Round "5.19"]
[White "Maria Lopez, Jorge Luis"]
[Black "Sanchez De Leon Menendez, Rafael"]
[Result "0-1"]
[WhiteElo "1846"]
[BlackElo "1932"]
[PlyCount "190"]
[EventDate "2008.08.01"]
[EventType "swiss"]
[EventRounds "9"]
[EventCountry "ESP"]
[Source "lmi"]
[SourceDate "2008.08.01"]

1. c4 e5 2. Nf3 Nc6 3. d3 Nf6 4. Nc3 d6 5. g3 h6 6. Bg2 Be6 7. O-O Qc8 8. Re1
Be7 9. a3 O-O 10. b4 a6 11. Rb1 Nd8 12. Nd2 c6 13. Nde4 Qc7 14. Nxf6+ Bxf6 15.
Ne4 Be7 16. Bb2 f5 17. Nd2 Bf6 18. e3 Qf7 19. f4 Qg6 20. Qc2 Bc8 21. b5 c5 22.
bxa6 Rxa6 23. Rbd1 Nc6 24. Bd5+ Kh8 25. Nf3 Qe8 26. Nd2 Ne7 27. Bg2 Qd8 28. Nb1
Qc7 29. Nc3 Bd7 30. Nb5 Qb8 31. fxe5 dxe5 32. d4 cxd4 33. exd4 e4 34. d5 Ng8
35. Rb1 Rc8 36. Nd4 Qa7 37. Qf2 Rxc4 38. Bf1 Raa4 39. Bxc4 Rxc4 40. Ne6 Qxf2+
41. Kxf2 b5 42. Rec1 Rxc1 43. Bxc1 Ne7 44. h4 Nxd5 45. Nf4 Bd4+ 46. Kg2 Nc3 47.
Rb2 Bc6 48. Ne2 Nxe2 49. Rxe2 Kg8 50. Be3 Bf6 51. Rc2 Bd5 52. Rc5 Bc4 53. a4
Be7 54. Rc8+ Kh7 55. a5 Bd5 56. a6 b4 57. a7 b3 58. Bd4 e3+ 59. Kf1 Ba3 60. Rc7
Kg6 61. Rxg7+ Kh5 62. Rg8 b2 63. Rb8 Be4 64. Ke2 Bd6 65. Bxb2 Bxg3 66. Bf6 f4
67. a8=Q Bxa8 68. Rxa8 Kg4 69. Rg8+ Kf5 70. Bc3 Bxh4 71. Kf3 Bg5 72. Ra8 Kg6
73. Kg4 h5+ 74. Kf3 Kf5 75. Ra5+ Kg6 76. Ke4 h4 77. Ra6+ Kh5 78. Kf5 f3 79. Ra1
f2 80. Rf1 h3 81. Bb4 Bh4 82. Kf4 e2 83. Rxf2 Bxf2 84. Kf3 Bg1 85. Bd2 Bc5 86.
Be1 Bd6 87. Bf2 Kg6 88. Be1 Kf5 89. Bf2 Ke6 90. Be1 Kd5 91. Bd2 Kc4 92. Kf2 Kd3
93. Ba5 Kc2 94. Kg1 Kd1 95. Kf2 Bf4 0-1

[Event "24. Aberto Xadrez Albariño"]
[Site "Cambados ESP"]
[Date "2008.08.05"]
[Round "5.20"]
[White "Chesa Chavarria, Aurelio"]
[Black "Campelo Bermudez, Javier"]
[Result "1-0"]
[WhiteElo "1919"]
[BlackElo "1870"]
[PlyCount "125"]
[EventDate "2008.08.01"]
[EventType "swiss"]
[EventRounds "9"]
[EventCountry "ESP"]
[Source "lmi"]
[SourceDate "2008.08.01"]

1. d4 d5 2. c4 c6 3. Nf3 Nf6 4. Nc3 Bg4 5. h3 Bh5 6. e3 e6 7. c5 b6 8. b4 Ne4
9. Qc2 a5 10. Nxe4 Bxf3 11. gxf3 dxe4 12. Qxe4 axb4 13. Bc4 bxc5 14. dxc5 Qa5
15. Kf1 Qxc5 16. Bb2 Nd7 17. Rc1 Nf6 18. Qh4 Qf5 19. Ke2 Be7 20. Rhg1 Rg8 21.
e4 Qh5 22. Qf4 Rd8 23. e5 Nd5 24. Bxd5 cxd5 25. Rc7 Qxh3 26. Rgc1 Qh4 27. Qxh4
Bxh4 28. Rb7 Ra8 29. Rcc7 Rxa2 30. Rxb4 Bd8 31. Rcb7 f6 32. Kf1 Be7 33. Rb3 Kf7
34. Ba3 Re8 35. Bd6 fxe5 36. Bxe5 Kg6 37. f4 Bf6 38. Rg3+ Kf5 39. Rf7 Re7 40.
Rgxg7 Raa7 41. Rxf6+ Ke4 42. Rg3 d4 43. Rb3 Rab7 44. Rxb7 Rxb7 45. Rxe6 Kf3 46.
Bxd4 Kxf4 47. Be3+ Kf5 48. Rh6 Rd7 49. Kg2 Rg7+ 50. Kf3 Rb7 51. Rh5+ Kg6 52.
Rg5+ Kf6 53. Kg4 Rb1 54. Rh5 Rg1+ 55. Kf4 Kg6 56. Rh3 Rb1 57. Kg4 Rb4+ 58. f4
Ra4 59. Bc5 h5+ 60. Kf3 Ra5 61. Rg3+ Kf6 62. Rg5 h4 63. Be7+ 1-0

[Event "24. Aberto Xadrez Albariño"]
[Site "Cambados ESP"]
[Date "2008.08.05"]
[Round "5.21"]
[White "Iglesias Iglesias, Jose Manuel"]
[Black "Bouza-Brey Teijeiro, Gonzalo"]
[Result "0-1"]
[WhiteElo "1787"]
[BlackElo "1904"]
[PlyCount "52"]
[EventDate "2008.08.01"]
[EventType "swiss"]
[EventRounds "9"]
[EventCountry "ESP"]
[Source "lmi"]
[SourceDate "2008.08.01"]

1. d4 d5 2. c4 c6 3. Nc3 Nf6 4. Nf3 e6 5. Bg5 dxc4 6. e4 b5 7. e5 h6 8. Bh4 g5
9. Nxg5 hxg5 10. Bxg5 Nbd7 11. Qf3 Bb7 12. O-O-O Qc7 13. Bxf6 c5 14. d5 Nxf6
15. Qxf6 Rh6 16. Nxb5 Qb6 17. Qf4 Qxb5 18. Bxc4 Qb6 19. dxe6 Rxe6 20. Bxe6 Qxe6
21. Qf6 Qxa2 22. Rhe1 Qc4+ 23. Kb1 Be4+ 24. Rxe4 Qxe4+ 25. Kc1 Qg6 26. Qf3 Bh6+
0-1

[Event "24. Aberto Xadrez Albariño"]
[Site "Cambados ESP"]
[Date "2008.08.05"]
[Round "5.23"]
[White "Buil Montanes, Carlos"]
[Black "Maneiro Blanco, Jose"]
[Result "1/2-1/2"]
[WhiteElo "1882"]
[BlackElo "1695"]
[PlyCount "98"]
[EventDate "2008.08.01"]
[EventType "swiss"]
[EventRounds "9"]
[EventCountry "ESP"]
[Source "lmi"]
[SourceDate "2008.08.01"]

1. c4 c5 2. Nc3 g6 3. Nf3 Bg7 4. g3 Nc6 5. Bg2 Nf6 6. O-O O-O 7. a3 d5 8. cxd5
Nxd5 9. Nxd5 Qxd5 10. Rb1 Qa2 11. Qc2 Be6 12. d4 Bb3 13. Qd3 Bc4 14. Qc2 Bxe2
15. Ra1 Qxa1 16. Qxe2 cxd4 17. Qb5 Qa2 18. Qxb7 Qc4 19. Nd2 Qe2 20. Qxc6 Rac8
21. Qe4 Qa6 22. Qxe7 Rfe8 23. Qb7 Qe2 24. Bd5 Rf8 25. Bf3 Qd3 26. Qb3 Qf5 27.
Be4 Qa5 28. Nc4 Qc5 29. Bd3 Rfe8 30. Bf4 Re6 31. Qb4 Qc6 32. Nd2 Qe8 33. Qb5
Qe7 34. Bg5 Qd6 35. Bf4 Qe7 36. Nc4 Rec6 37. Qd5 Rc5 38. Bd6 Qd7 39. Qxc5 Rxc5
40. Bxc5 Qb5 41. Bb4 a5 42. Bd6 Qb3 43. Re1 f5 44. Bf1 d3 45. Nd2 Qxb2 46. Bg2
h6 47. Bd5+ Kh8 48. Re8+ Kh7 49. Bg8+ Kh8 1/2-1/2

[Event "24. Aberto Xadrez Albariño"]
[Site "Cambados ESP"]
[Date "2008.08.05"]
[Round "5.24"]
[White "Montero Garcia, Francisco Javier"]
[Black "Diz Suarez, Carlos"]
[Result "0-1"]
[WhiteElo "1870"]
[BlackElo "1689"]
[PlyCount "112"]
[EventDate "2008.08.01"]
[EventType "swiss"]
[EventRounds "9"]
[EventCountry "ESP"]
[Source "lmi"]
[SourceDate "2008.08.01"]

1. e4 c6 2. d4 d5 3. exd5 cxd5 4. c4 e6 5. Nc3 Nf6 6. Nf3 Be7 7. Bg5 O-O 8. Bd3
b6 9. O-O Bb7 10. Re1 Na6 11. cxd5 Nxd5 12. Bxe7 Nxe7 13. Ng5 Nf5 14. Qh5 h6
15. Nxe6 fxe6 16. Rxe6 Qg5 17. Qh3 Nh4 18. Re5 Nf3+ 19. Qxf3 Rxf3 20. Bc4+ Rf7
21. Rxg5 hxg5 22. Re1 Rc8 23. Bb3 Rcc7 24. Bxf7+ Kxf7 25. Nb5 Re7 26. Nd6+ Kf8
27. Rxe7 Kxe7 28. Nxb7 Kd7 29. a3 Kc7 30. Na5 bxa5 31. Kf1 Kd6 32. Ke2 Kd5 33.
Kf3 Nc7 34. Ke3 Ne6 35. h3 Nf4 36. Kf3 Kxd4 37. h4 Nd3 38. hxg5 Nxb2 39. Kf4
Nc4 40. Kf5 Nxa3 41. Kg6 Nc4 42. Kxg7 a4 43. Kf8 a3 44. g6 a2 45. g7 a1=Q 46.
g8=Q Qa3+ 47. Kg7 Qe7+ 48. Kg6 Ne5+ 49. Kh5 Qf7+ 50. Qxf7 Nxf7 51. g4 a5 52. f4
Ke4 53. g5 Kf5 54. g6 Kf6 55. gxf7 Kxf7 56. Kg5 a4 0-1

[Event "24. Aberto Xadrez Albariño"]
[Site "Cambados ESP"]
[Date "2008.08.05"]
[Round "5.25"]
[White "Alonso Gonzalez, Fernando"]
[Black "Palacios Gonzalez, Miguel"]
[Result "1-0"]
[WhiteElo "1836"]
[BlackElo "1588"]
[PlyCount "145"]
[EventDate "2008.08.01"]
[EventType "swiss"]
[EventRounds "9"]
[EventCountry "ESP"]
[Source "lmi"]
[SourceDate "2008.08.01"]

1. e4 c5 2. Nf3 e6 3. d4 cxd4 4. Nxd4 Nf6 5. Bg5 Qa5+ 6. Qd2 Bb4 7. c3 Nxe4 8.
cxb4 Qxg5 9. Qc2 O-O 10. Bd3 Nf6 11. O-O Nc6 12. Nf3 Qh6 13. a3 b6 14. Nc3 Ng4
15. h3 Nge5 16. Be2 Nxf3+ 17. Bxf3 Nd4 18. Qd3 Nxf3+ 19. Qxf3 d5 20. Rac1 Ba6
21. b5 Bb7 22. Ne2 Rac8 23. Qg4 a5 24. Qd4 e5 25. Qxe5 Rce8 26. Qc7 Rxe2 27.
Qxb7 d4 28. Rc6 Qd2 29. Qxb6 Re1 30. Rxe1 Qxe1+ 31. Kh2 Qxf2 32. Qc7 d3 33. Qd6
Qxb2 34. Qxd3 Qe5+ 35. g3 g6 36. Rc2 Rb8 37. a4 Qa1 38. Qb3 Qe1 39. Qc3 Qxc3
40. Rxc3 Rb7 41. Rc8+ Kg7 42. Ra8 Kf6 43. Rxa5 Ke5 44. b6+ Ke6 45. Rb5 Kd6 46.
a5 Kc6 47. Rb2 f5 48. Kg2 Kc5 49. Kf3 g5 50. h4 h6 51. hxg5 hxg5 52. Re2 Kd5
53. Re8 Kd6 54. Ke3 Kc6 55. Re5 Rf7 56. Kf3 Kd6 57. Rb5 Kc6 58. Rb3 Kb7 59. Rb4
Ka6 60. Ke3 Rb7 61. Ra4 Kb5 62. Ra2 Ka6 63. Kd4 Re7 64. Kd5 Re3 65. Rb2 Re7 66.
Kd6 Rf7 67. Ke6 Rf8 68. b7 Rb8 69. Kxf5 Kxa5 70. Kxg5 Ka6 71. Kf6 Ka7 72. g4
Ka6 73. Kf7 1-0

[Event "24. Aberto Xadrez Albariño"]
[Site "Cambados ESP"]
[Date "2008.08.05"]
[Round "5.28"]
[White "Rodriguez Dominguez, Ramon"]
[Black "Otero Ramirez, Angel"]
[Result "0-1"]
[WhiteElo "1706"]
[BlackElo "1806"]
[PlyCount "58"]
[EventDate "2008.08.01"]
[EventType "swiss"]
[EventRounds "9"]
[EventCountry "ESP"]
[Source "lmi"]
[SourceDate "2008.08.01"]

1. e4 c5 2. f4 e6 3. Nf3 Nc6 4. c3 d5 5. exd5 Qxd5 6. d4 cxd4 7. cxd4 Bb4+ 8.
Nc3 Qd8 9. Bb5 Nge7 10. O-O O-O 11. Bd3 Kh8 12. Bxh7 Kxh7 13. Ng5+ Kg8 14. Qh5
Qxd4+ 15. Kh1 Qd3 16. Be3 Qg6 17. Qh4 Nf5 18. Qf2 Bxc3 19. bxc3 Nxe3 20. Qxe3
Ne7 21. g4 Nd5 22. Qf3 Bd7 23. h4 Bc6 24. Kh2 Nf6 25. Qh3 Rad8 26. Rf2 Rd3 27.
Nf3 Nxg4+ 28. Kg1 Nxf2+ 29. Kxf2 Rxf3+ 0-1

[Event "24. Aberto Xadrez Albariño"]
[Site "Cambados ESP"]
[Date "2008.08.06"]
[Round "6.1"]
[White "Berbatov, Kiprian"]
[Black "Filip, Lucian"]
[Result "1/2-1/2"]
[WhiteElo "2250"]
[BlackElo "2461"]
[PlyCount "128"]
[EventDate "2008.08.01"]
[EventType "swiss"]
[EventRounds "9"]
[EventCountry "ESP"]
[Source "lmi"]
[SourceDate "2008.08.01"]

1. e4 c5 2. Nf3 e6 3. d4 cxd4 4. Nxd4 Nc6 5. Nc3 Qc7 6. f4 a6 7. Be3 Nxd4 8.
Qxd4 b5 9. a3 Bb7 10. Be2 Rc8 11. O-O Qc5 12. Rad1 Qxd4 13. Bxd4 Ne7 14. Bf3
Nc6 15. Bb6 d6 16. Rfe1 Be7 17. e5 dxe5 18. fxe5 Nd8 19. Ne4 Bd5 20. Nd6+ Bxd6
21. exd6 Kd7 22. Bxd5 exd5 23. Bxd8 Rhxd8 24. Re7+ Kxd6 25. Rxf7 Rxc2 26. Rxg7
Rxb2 27. Rxh7 Rg8 28. g3 Re8 29. Ra7 Ree2 30. Rxa6+ Kc5 31. Rh6 d4 32. Rh8 Kc4
33. Rd8 Red2 34. Rxd2 Rxd2 35. h4 Re2 36. h5 Re5 37. g4 Rg5 38. Kf2 Rxg4 39. h6
Rh4 40. Rh8 Kd3 41. h7 Kd2 42. Rd8 Rxh7 43. Rxd4+ Kc3 44. Rb4 Rh5 45. Ke2 Rh2+
46. Kd1 Rb2 47. Rh4 Rb1+ 48. Ke2 Kb3 49. Rb4+ Kc2 50. Rh4 Kb3 51. Rb4+ Ka2 52.
Kd2 Rxb4 53. axb4 Kb2 54. Kd1 Kc3 55. Kc1 Kc4 56. Kc2 Kxb4 57. Kb2 Kc4 58. Kc2
b4 59. Kb2 b3 60. Kb1 Kb4 61. Kb2 Ka4 62. Kb1 Ka3 63. Ka1 b2+ 64. Kb1 Kb3
1/2-1/2

[Event "24. Aberto Xadrez Albariño"]
[Site "Cambados ESP"]
[Date "2008.08.06"]
[Round "6.2"]
[White "Petkov, Vladimir"]
[Black "Rodriguez Lopez, Rafael"]
[Result "1-0"]
[WhiteElo "2423"]
[BlackElo "2311"]
[PlyCount "91"]
[EventDate "2008.08.01"]
[EventType "swiss"]
[EventRounds "9"]
[EventCountry "ESP"]
[Source "lmi"]
[SourceDate "2008.08.01"]

1. d4 d5 2. c4 e6 3. Nc3 c6 4. Nf3 Nf6 5. Qb3 dxc4 6. Qxc4 b5 7. Qd3 Nbd7 8. e4
b4 9. Na4 Bb7 10. e5 Nd5 11. Bg5 Qa5 12. b3 h6 13. Bh4 N5b6 14. Nb2 c5 15. Be2
cxd4 16. O-O Bxf3 17. Qxf3 Nxe5 18. Qe4 Be7 19. f4 Ned7 20. Bxe7 Kxe7 21. f5
Qe5 22. Qh4+ Nf6 23. Rae1 Qe4 24. Rf4 Qe3+ 25. Kf1 Nbd5 26. Rxd4 Qg5 27. Bf3
Qxh4 28. Rxh4 Rac8 29. Nd3 a5 30. Ne5 Rhd8 31. Rc4 Kf8 32. fxe6 fxe6 33. Nc6
Rd6 34. Nxa5 Rxc4 35. bxc4 Nc3 36. Nc6 Nxa2 37. Rb1 Ng4 38. Kg1 Ne3 39. Rb2 b3
40. Ne5 Nc1 41. c5 Ra6 42. c6 Ra7 43. Rb1 Na2 44. Rxb3 Nd5 45. Bxd5 exd5 46.
Rb8+ 1-0

[Event "24. Aberto Xadrez Albariño"]
[Site "Cambados ESP"]
[Date "2008.08.06"]
[Round "6.3"]
[White "Ramiro Ovejero, Juan Luis"]
[Black "Dimitrov, Vladimir"]
[Result "1/2-1/2"]
[WhiteElo "2370"]
[BlackElo "2450"]
[PlyCount "58"]
[EventDate "2008.08.01"]
[EventType "swiss"]
[EventRounds "9"]
[EventCountry "ESP"]
[Source "lmi"]
[SourceDate "2008.08.01"]

1. e4 c5 2. Nf3 e6 3. d3 Nc6 4. g3 g6 5. Bg2 Bg7 6. O-O Nge7 7. c3 e5 8. a3 O-O
9. b4 d6 10. Nbd2 h6 11. Bb2 Be6 12. b5 Na5 13. c4 b6 14. Nh4 g5 15. Nf5 Nxf5
16. exf5 Bxf5 17. Bxa8 Qxa8 18. Qe2 Bh3 19. f4 Bxf1 20. Rxf1 exf4 21. Bxg7 Kxg7
22. gxf4 Qe8 23. Qf2 f5 24. Kh1 g4 25. Re1 Qf7 26. Qe3 h5 27. Kg2 Qf6 28. a4
Rf7 29. Re2 Qc3 1/2-1/2

[Event "24. Aberto Xadrez Albariño"]
[Site "Cambados ESP"]
[Date "2008.08.06"]
[Round "6.4"]
[White "Manolache, Marius"]
[Black "Corona Garcia, Tomas"]
[Result "0-1"]
[WhiteElo "2521"]
[BlackElo "2210"]
[PlyCount "186"]
[EventDate "2008.08.01"]
[EventType "swiss"]
[EventRounds "9"]
[EventCountry "ESP"]
[Source "lmi"]
[SourceDate "2008.08.01"]

1. d4 d6 2. Nf3 g6 3. c4 Bg7 4. Nc3 Bg4 5. e3 Nc6 6. Be2 e5 7. O-O exd4 8. exd4
Nge7 9. d5 Bxf3 10. Bxf3 Nd4 11. Be4 O-O 12. Be3 Ndf5 13. Bg5 Qd7 14. Qg4 Qc8
15. Rfe1 h6 16. Bd2 Nd4 17. Qd1 Nef5 18. Qa4 a6 19. Rac1 Nh4 20. Qd1 Qd7 21. g3
Nhf5 22. Qg4 Rae8 23. h4 h5 24. Qd1 Be5 25. Bg2 Bg7 26. Ne4 b5 27. b3 Rb8 28.
c5 dxc5 29. Nxc5 Qd8 30. Nxa6 Ra8 31. Nb4 Qd6 32. Nd3 Rxa2 33. Bb4 Qf6 34. Bxf8
Bxf8 35. Rxc7 Bd6 36. Rc8+ Kg7 37. Ree8 Ne7 38. Ra8 Ne2+ 39. Kh1 Bxg3 40. Qf1
Qxh4+ 41. Bh3 Bxf2 42. Rxa2 Ng3+ 43. Kg2 Nxf1 44. Nxf2 Ne3+ 45. Kf3 N7xd5 46.
Raa8 Qf4+ 47. Ke2 Nc3+ 48. Kd3 Qxf2 49. Rg8+ Kh6 50. Kxc3 Qf3 51. Bd7 Qf6+ 52.
Kd3 Qd6+ 53. Kxe3 Qxd7 54. Rh8+ Kg5 55. Rhb8 h4 56. Rd8 Qe6+ 57. Kd4 f5 58.
Rac8 Qxb3 59. Rd6 Qb2+ 60. Kd5 h3 61. Rcc6 Qb3+ 62. Kc5 Qf7 63. Rd2 Qe7+ 64.
Kxb5 h2 65. Rg2+ Kf4 66. Rxh2 Qe5+ 67. Rc5 Qe8+ 68. Kb4 Kg3 69. Rhc2 Qe4+ 70.
Kc3 g5 71. Kd2 Qf4+ 72. Ke1 Qe4+ 73. Kf1 Qh1+ 74. Ke2 Qf3+ 75. Ke1 Qe3+ 76. Kf1
Qd3+ 77. Ke1 Qe4+ 78. Kf1 g4 79. R2c3+ Kh4 80. Rc8 Qh1+ 81. Kf2 Qh2+ 82. Kf1
Qf4+ 83. Kg1 Qd4+ 84. Kf1 f4 85. Rc1 Kg3 86. R8c3+ f3 87. R3c2 Qd3+ 88. Kg1
Qe3+ 89. Kf1 Kh3 90. Rd1 g3 91. Rdd2 g2+ 92. Rxg2 fxg2+ 93. Rxg2 Qc1+ 0-1

[Event "24. Aberto Xadrez Albariño"]
[Site "Cambados ESP"]
[Date "2008.08.06"]
[Round "6.5"]
[White "Starostits, Ilmars"]
[Black "Garcia Castro, Pablo"]
[Result "1-0"]
[WhiteElo "2497"]
[BlackElo "2390"]
[PlyCount "107"]
[EventDate "2008.08.01"]
[EventType "swiss"]
[EventRounds "9"]
[EventCountry "ESP"]
[Source "lmi"]
[SourceDate "2008.08.01"]

1. e4 e5 2. Nf3 d6 3. Bc4 Be7 4. d4 exd4 5. Nxd4 Nf6 6. Nc3 O-O 7. O-O Re8 8.
h3 Nbd7 9. Re1 Bf8 10. Bg5 h6 11. Bh4 Ne5 12. Bf1 Ng6 13. Bg3 c6 14. f4 Qb6 15.
Kh2 Qxb2 16. Qf3 d5 17. Rab1 Qa3 18. e5 Ne4 19. Nxe4 Qxf3 20. gxf3 dxe4 21.
fxe4 Bc5 22. c3 Bb6 23. Red1 h5 24. Nf3 Be3 25. f5 h4 26. fxg6 hxg3+ 27. Kxg3
fxg6 28. Bc4+ Kh7 29. Rd3 Bh6 30. Rd6 Rf8 31. Rf1 Bf4+ 32. Kg2 b5 33. Bb3 a5
34. Rfd1 a4 35. Be6 Bxe6 36. Rxe6 Rab8 37. Rxc6 b4 38. e6 bxc3 39. Rxc3 Rb2+
40. Kg1 Rb6 41. e7 Re8 42. Rd7 Re6 43. Rc4 a3 44. e5 Be3+ 45. Kf1 R6xe7 46.
Rxe7 Rxe7 47. Ke2 Bb6 48. Ra4 Bc7 49. Ra7 Bd6 50. Rxe7 Bxe7 51. Kd3 g5 52. Kc4
Kg6 53. Nd4 Bd8 54. Kd5 1-0

[Event "24. Aberto Xadrez Albariño"]
[Site "Cambados ESP"]
[Date "2008.08.06"]
[Round "6.7"]
[White "Torrado Quintela, Julio"]
[Black "Ortiz Suarez, Isam"]
[Result "0-1"]
[WhiteElo "2245"]
[BlackElo "2392"]
[PlyCount "72"]
[EventDate "2008.08.01"]
[EventType "swiss"]
[EventRounds "9"]
[EventCountry "ESP"]
[Source "lmi"]
[SourceDate "2008.08.01"]

1. e4 c5 2. Nf3 d6 3. d4 cxd4 4. Nxd4 Nf6 5. Nc3 a6 6. Be3 e6 7. Be2 Qc7 8. a4
b6 9. f4 Bb7 10. Bf3 Nbd7 11. O-O Nc5 12. e5 dxe5 13. fxe5 Nfe4 14. Nxe4 Nxe4
15. Bxe4 Bxe4 16. Qg4 Qxe5 17. Nf3 Qf5 18. Qg3 Qg6 19. Qc7 Be7 20. Rad1 Rd8 21.
Rxd8+ Bxd8 22. Qd6 Bxf3 23. Rxf3 Qxc2 24. Bxb6 Bxb6+ 25. Qxb6 O-O 26. h3 Qxa4
27. Ra3 Qd1+ 28. Kh2 Qe2 29. Rxa6 Qe5+ 30. Kh1 Rb8 31. Qf2 h6 32. Rb6 Rd8 33.
Qc2 g6 34. Rc6 Rd4 35. Rc8+ Kg7 36. Rc7 Re4 0-1

[Event "24. Aberto Xadrez Albariño"]
[Site "Cambados ESP"]
[Date "2008.08.06"]
[Round "6.8"]
[White "Fernandez de Pablo, Miguel A"]
[Black "Stanoev, Atanas"]
[Result "0-1"]
[WhiteElo "2232"]
[BlackElo "2198"]
[PlyCount "62"]
[EventDate "2008.08.01"]
[EventType "swiss"]
[EventRounds "9"]
[EventCountry "ESP"]
[Source "lmi"]
[SourceDate "2008.08.01"]

1. e4 c5 2. Nf3 d6 3. d4 cxd4 4. Nxd4 Nf6 5. Nc3 a6 6. Bg5 e6 7. f4 Qb6 8. f5
Qxb2 9. Na4 Qa3 10. c3 Bd7 11. fxe6 Bxa4 12. exf7+ Kxf7 13. Bc4+ Ke8 14. Qf3
Nbd7 15. O-O Qc5 16. Bd5 Ne5 17. Qh3 Bd7 18. Be6 Be7 19. Kh1 Qc8 20. Nf5 Bxe6
21. Nxg7+ Kf7 22. Qh5+ Kxg7 23. Qh6+ Kg8 24. Bxf6 Bxf6 25. Rxf6 Bf7 26. Qg5+
Bg6 27. Raf1 Qd7 28. h4 Qg4 29. Qd2 Kg7 30. Qxd6 Qxh4+ 31. Kg1 Rhe8 0-1

[Event "24. Aberto Xadrez Albariño"]
[Site "Cambados ESP"]
[Date "2008.08.06"]
[Round "6.9"]
[White "Sanchez De Leon Menendez, Rafael"]
[Black "Rusev, Krasimir"]
[Result "0-1"]
[WhiteElo "1932"]
[BlackElo "2508"]
[PlyCount "62"]
[EventDate "2008.08.01"]
[EventType "swiss"]
[EventRounds "9"]
[EventCountry "ESP"]
[Source "lmi"]
[SourceDate "2008.08.01"]

1. e4 c5 2. Nf3 d6 3. d4 Nf6 4. Nc3 cxd4 5. Nxd4 Nc6 6. Be2 e5 7. Nf3 h6 8. h3
Be7 9. Be3 Be6 10. Qd2 d5 11. exd5 Nxd5 12. Nxd5 Qxd5 13. Qxd5 Bxd5 14. c3 f5
15. O-O f4 16. Bd2 e4 17. Nd4 Nxd4 18. cxd4 Bd6 19. a3 Ke7 20. Rfc1 g5 21. Bc4
Ke6 22. Rc3 Bxc4 23. Rxc4 Rhc8 24. Rac1 Rxc4 25. Rxc4 Kd5 26. b3 b5 27. Rc2
Kxd4 28. Bc1 e3 29. Kf1 Kd3 30. Rc6 Be5 31. f3 e2+ 0-1

[Event "24. Aberto Xadrez Albariño"]
[Site "Cambados ESP"]
[Date "2008.08.06"]
[Round "6.10"]
[White "De Dios Alija, Rafael"]
[Black "Patino Romaris, Juan Roberto"]
[Result "0-1"]
[WhiteElo "2023"]
[BlackElo "2272"]
[PlyCount "94"]
[EventDate "2008.08.01"]
[EventType "swiss"]
[EventRounds "9"]
[EventCountry "ESP"]
[Source "lmi"]
[SourceDate "2008.08.01"]

1. e4 e6 2. d3 d5 3. Nd2 Nf6 4. Ngf3 c5 5. g3 Nc6 6. Bg2 Be7 7. O-O b6 8. e5
Nd7 9. Re1 Qc7 10. Qe2 Bb7 11. Nf1 g5 12. Bxg5 Bxg5 13. Nxg5 Ndxe5 14. f4 h6
15. Nxe6 fxe6 16. fxe5 O-O-O 17. Nd2 Nd4 18. Qd1 h5 19. c3 Nf5 20. Bh3 h4 21.
Bxf5 exf5 22. d4 hxg3 23. hxg3 Rdg8 24. Qf3 Qh7 25. Re2 f4 26. Nf1 fxg3 27.
Nxg3 Rxg3+ 28. Qxg3 Rg8 29. Rg2 Rxg3 30. Rxg3 Ba6 31. Re1 Bd3 32. Ree3 Be4 33.
Rh3 Qf7 34. b4 Kb7 35. b5 a6 36. a4 axb5 37. axb5 Qd7 38. dxc5 Qxb5 39. cxb6
Qb1+ 40. Kf2 Qb2+ 41. Re2 Qxb6+ 42. Rhe3 Qc5 43. e6 Kc7 44. Kg3 Qc4 45. Re1 Kd8
46. Rxe4 dxe4 47. Kf4 Qxe6 0-1

[Event "24. Aberto Xadrez Albariño"]
[Site "Cambados ESP"]
[Date "2008.08.06"]
[Round "6.11"]
[White "Trigo Urquijo, Sergio"]
[Black "Rodriguez Gonzalez, Alex"]
[Result "1/2-1/2"]
[WhiteElo "2200"]
[BlackElo "2022"]
[PlyCount "36"]
[EventDate "2008.08.01"]
[EventType "swiss"]
[EventRounds "9"]
[EventCountry "ESP"]
[Source "lmi"]
[SourceDate "2008.08.01"]

1. d4 g6 2. Nc3 Nf6 3. Bg5 Bg7 4. e4 d6 5. e5 dxe5 6. dxe5 Ng4 7. Qxd8+ Kxd8 8.
Rd1+ Bd7 9. e6 fxe6 10. Bc4 Ke8 11. Nf3 Ne5 12. Nb5 Nxf3+ 13. gxf3 Bxb5 14.
Bxb5+ c6 15. Bc4 Nd7 16. Ke2 h6 17. Be3 Nb6 18. Bxe6 Bxb2 1/2-1/2